The 50 Most Famous Composers - Statistics

General Stats
  • This quiz has been taken 793 times
  • The average score is 26 of 50
Answer Stats
Hint Answer % Correct
Austrian /German Wolfgang Amadeus Mozart
97%
German Ludwig van Beethoven
96%
German Johann Sebastian Bach
95%
Russian Pyotr Ilyich Tchaikovsky
88%
French /Polish Frédéric Chopin
84%
Italian Antonio Vivaldi
79%
German Johannes Brahms
74%
German Richard Wagner
74%
Italian Giuseppe Verdi
73%
Hungarian Franz Liszt
71%
British /German George Frideric Handel
71%
French Claude Debussy
65%
Austrian Joseph Haydn
65%
Austrian Franz Schubert
64%
Austrian Johann Strauss II
63%
German Richard Strauss
63%
Norwegian Edvard Grieg
61%
Russian Igor Stravinsky
60%
Russian Sergei Rachmaninoff
60%
Czech Antonín Dvořák
58%
Italian Giacomo Puccini
57%
German Clara Schumann
56%
German Robert Schumann
56%
German Felix Mendelssohn
55%
Finnish Jean Sibelius
55%
French Maurice Ravel
54%
Russian Sergei Prokofiev
51%
Italian Gioachino Rossini
49%
Austrian /Bohemian Gustav Mahler
49%
Russian Dmitri Shostakovich
48%
American George Gershwin
46%
Russian Nikolai Rimsky-Korsakov
46%
Hungarian Béla Bartók
44%
French Georges Bizet
44%
American John Williams
39%
Russian Modest Mussorgsky
37%
American Leonard Bernstein
36%
Czech Bedřich Smetana
35%
Italian Claudio Monteverdi
35%
Italian Niccolò Paganini
33%
Austrian Anton Bruckner
27%
Austrian /American Arnold Schoenberg
27%
French /German Jacques Offenbach
27%
German Hans Zimmer
25%
Russian Alexander Borodin
24%
Italian Gaetano Donizetti
22%
German Christoph Willibald Gluck
19%
Italian Ennio Morricone
16%
Italian Giovanni Pierluigi da Palestrina
14%
Greek Vangelis
13%
No matching quizzes found
Score Distribution
Percent of People with Each Score
Percentile by Number Answered
Your Score History
You have not taken this quiz